STN 75 1410-1: 2008 Hydrológia. Hydrologické údaje povrchových vôd. Kvantifikácia priemernej vodnosti Časť 1 Charakteristiky denných vodných stavov a prietokov

Bibliographic Details
Main Authors: Makeľ, Michal (Author), Škoda, Peter (Author), Šipikalová, Helena (Author), Turbek, Jozef (Author)
Format: Book
Language:Slovak
PhysicalDescription:12 s. obr., tab. 30 cm
Published: Bratislava Slovenský ústav technickej normalizácie 2008
Subjects:

MARC

LEADER 00000nam a2200000 a 4500
001 vtls009814674
003 SK-MaSNL
005 20260302010432.0
008 130117s2008 xo ka f u 000 0 slo
015 |a SNBN2010/04-02298 
020 |c (cen. skup. 10) 
035 |a (SVKBBclas03)vtls000283098 
040 |a SNK  |b slo  |c SNK  |e AACR2 
041 0 |a slo 
044 |a xo  |c SK 
046 |a s  |m 200801 (účin.) 
072 7 |a 628  |x Zdravotná technika. Úprava vody. Odpadové hospodárstvo. Svetelná technika  |2 konspekt 
080 |a 556.5  |2 2001 
080 |a 628.113  |2 2001 
080 |a 006.85  |2 2001 
080 |a (437.6)  |2 2001 
080 |a (083.744)  |2 2001 
084 |a 07.060  |2 ICS 
245 0 0 |a STN 75 1410-1: 2008 Hydrológia. Hydrologické údaje povrchových vôd. Kvantifikácia priemernej vodnosti  |n Časť 1  |p Charakteristiky denných vodných stavov a prietokov  |c spracovateľ Michal Makeľ, Peter Škoda, Helena Šipikalová, Jozef Turbek 
246 1 0 |a Hydrológia 
246 1 0 |a Hydrologické údaje povrchových vôd 
246 1 0 |a Kvantifikácia priemernej vodnost 
246 1 0 |a Charakteristiky denných vodných stavov a prietokov 
260 |a Bratislava  |b Slovenský ústav technickej normalizácie  |c 2008 
300 |a 12 s.  |b obr., tab.  |c 30 cm 
500 |a Od 1.1.2008 v celom rozsahu nahrádza STN 75 1410-1 z decembra 2000 
504 |a Citované a súvisiace normy a právne predpisy: s. 2. 
540 |a STN vydané na akomkoľvek nosiči sa môžu rozmnožovať a rozširovať iba so súhlasom určenej právnickej osoby  |b SÚTN Bratislava  |c zákon 264/1999 Z.z. 
650 0 7 |a hydrológia  |2 SVKBBPH  |9 853 
650 0 7 |a povrchové vody  |2 SVKBBPH  |9 29361 
650 0 7 |a prietok  |2 SVKBBPH  |9 224767 
650 0 7 |a technické normy a štandardy  |z Slovensko  |2 SNKPH  |9 79594 
655 7 |a normy  |2 SNKPH  |9 70643 
700 1 |a Makeľ, Michal  |4 aut  |9 353753 
700 1 |a Škoda, Peter  |4 aut  |9 8994 
700 1 |a Šipikalová, Helena  |4 aut  |9 407968 
700 1 |a Turbek, Jozef  |4 aut  |9 8654 
710 2 |a Slovenský ústav technickej normalizácie (Bratislava, Slovensko).  |b TK 64 Hydrológia a meteorológia  |4 stn  |9 407969 
958 |a OP 
958 |a NB 
999 |c 1002961  |d 1004891 
952 |a SNK  |b SNK  |y PREZ  |7 0  |p 17A0586429  |o snkSTN 75 1410-1  |i snk2008/8768  |8 0  |0 0  |1 0  |4 0  |d 2008-04-16  |l 0  |r 2026-02-24 12:26:17  |w 2026-02-24 
952 |a SNK  |b SNK  |y PREZ  |7 0  |p 17A0586430  |o snkSTN 75 1410-1 D1  |i snk2008/8769  |8 0  |0 0  |1 0  |4 0  |d 2008-04-16  |l 0  |r 2026-02-24 12:26:17  |w 2026-02-24